New lamps for old : the transformation of the Vietnamese administrative elite

Bibliographic Details
Main Authors: Truong, Buu Lam (Author), Lam, Maivan (Author)
Format: Book
Published: Singapore : Maruzen Asia , 1980
Series:ISEAS Occasional paper, no. 66
Subjects:

MARC

LEADER 00000cam a2200000 7i4500
001 0000002943
005 20180207093000.0
008 021118n
020 |a 9622202179 
090 0 0 |a JQ925.A5   |b T786 
100 0 |a Truong, Buu Lam ,   |e author 
245 0 0 |a New lamps for old :   |b the transformation of the Vietnamese administrative elite   |c by Truong Buu Lam ; with the collaboration of Mai Van Lam 
260 2 |a Singapore :   |b Maruzen Asia ,   |c 1980 
300 |a 58 p. ; ;   |c 24 cm. 
440 0 0 |a ISEAS Occasional paper, no. 66 
651 0 |a Vietnam   |x Politics and government 
700 0 |a Lam, Maivan ,   |e author 
999 |a 1000021059   |b Book   |c OPEN SHELF (30 DAYS)   |e Gong Badak Campus 
999 |a 1000021060   |b Book   |c OPEN SHELF (30 DAYS)   |e Gong Badak Campus